1895 1932 1674 1934 1615 1972 1992 1214 1513 1857 1432 1898 1995 1709 1884 1180 1261 1077 1703 1260 1519 1116 1312 1113 1861 1483 1164 1500 1924 1460 1367 1584 1752 1564 1673 1772 1056 1702 1220 1193 1785 1373 1057 1108 1081 1787 1207 1077 1032 1413 1466 1897 1073 1891 1414 1374 1761 1148 1621 1798 1824 1151 1957 1991 1870 1695 1589 1858 1190 1957 1833 1803 1078 1410 1206 1402 1794 1061 1782 1740 1455 1987 1025 1707 1593 1820 1994 1018 1573 1773 1637 1810 1728 1181 1923 1160 1354 1421 1990 BCNSPRNW ULIB Ver.6.0+V

เปลี่ยนเป็นภาษาไทย

Change to English
 แสดงรายละเอียดบรรณานุกรม
  กลับหน้าหลัก

Brief Record : Get Marc (ISO 2709) : E-mail record : QR code < ปิดหน้าต่าง
LEADER : 00000nam 2200000uu 4500
001    13399114312
003     ULIB
008    120321s2551||||th 000 0 tha d
020    ^a9786110600194
090    ^aนว.^bP111D 2551
100 0  ^apiana
245 00 ^aDestiny of Love โชคชะตารักเปิดประตูใจคุณชายแบดบอย/^cpiano
250    ^aพิมพ์ครั้งที่ 1
260    ^aกรุงเทพฯ :^bแจ่มใส,^c2551
300    ^a224หน้า
710 1  ^aแจ่มใส
945    ^p169^l0^i15780
995    ^aกัณชพร
999    ^aใช้งานได้ทุกระบบ
รายการนี้ยังไม่มีแท็ก
คุณยังไม่ได้ล็อกอิน คุณสามารถมีกิจกรรมร่วมกับเว็บไซต์ได้ แต่ต้องล็อกอินก่อน ::
  ล็อกอิน

รายการสื่อสารสนเทศ

ลำดับที่ ประเภท เลขเรียก/บาร์โค้ด สถานที่ สถานะ
1. นวนิยาย
นวนิยาย
นว. P111D 2551  
  Barcode: 15780
ห้องสมุดวิทยาเขตสวรรค์ประชารักษ์
►นวนิยาย
บนชั้น
  ขอยืม

BibComment


ยังไม่เคยถูกคอมเมนท์

คอมเมนท์ทรัพยากรรายการนี้
  คอมเมนท์: Destiny of Love ..


 Copyright 2026. Bcnsprnw @Library